000
00314nam a2200145Ia 4500
100
_a
Swan tom
942
_c
BK
654
_a
pascal 4.0
245
_a
Mastering turbo pascal 4.0
260
_b
Hayden Book Company
_a
Indiana
_c
1988
082
_a
001.6424T
_b
SWA
300
_a
774
546
_a
ENGLISH
999
_c
28741
_d
28741